000 00740nam a22002297a 4500
005 20081021103759.0
008 081021t xxu||||| |||| 00| 0 eng d
010 _aENG-84206
020 _a0070617139
020 _c 250.00
035 _aEN-67739
082 _a005.13
100 _aBalagurusamy, E
245 _aProgramming with java:
_ba primer /
_cby E Balagurusamy
250 _a3rd ed
260 _aNew Delhi
_bTata McGraw-Hill Publishing
260 _c2007
300 _axv, 490p
_c24cm
500 _aIncludes index
942 _2ddc
_cEN
_h005.13
_mBAL
999 _c17168
_d17168